00860na a2200253 450000100060000000300080000600500170001400800410003103500100007204000250008204100080010709000110011511000410012624500890016726000250025630000260028144000200030761000560032765000520038383000410043594200130047695201020048999900150059122463MIRAKIL20181213155252.0170214b tu 000 0  a22463 aMilasbturcTR-AnCHP atur aSHP 39 aSosyaldemokrat Halkçı Parti (SHP) aSosyaldemokrat Halkçı Parti BroşürücSosyaldemokrat Halkçı Parti Merkezi aAnkarabSHPc[t. y.] a8 s.bfotğ.c25 sm. aSHP yayınları aSosyaldemokrat Halkçı Parti (SHP)xBroşürler aSiyasal partilerxSHPyBroşürlerzTürkiye aSosyaldemokrat Halkçı Parti (SHP) 2ddccBKS 51a0001b0001d2017-02-14e2f SHPl0oSHP 39p014249r2017-02-14 00:00:00v0.00w2017-02-14yBKS c9629d9629